000 00734cam a22002413a 4500
001 38793
003 PGUSA
005 20140828083844.0
008 120209s2012||||xxu|||||s|||||000 | eng d
040 _aPGUSA
_beng
042 _adc
050 4 _aD501
100 1 _aKirkpatrick, F. A.
_q(Frederick Alexander),
_d1861-1953
245 1 0 _aSouth America and the War
_h[electronic resource] /
_cF. A. Kirkpatrick
260 _bProject Gutenberg,
_c2012
506 _aPublic domain in the USA.
516 _aElectronic text
653 _aLatin America -- Economic conditions
653 _aWorld War, 1914-1918 -- Latin America
830 0 _aProject Gutenberg
_v38793
856 4 0 _uhttp://www.gutenberg.org/ebooks/38793
942 _cEB
999 _c268047
_d268047